| Tag |
First Indicator |
Second Indicator |
Subfields |
| LEADER |
00000cgm a2200000Mi 4500 |
| 001 |
in00005575021 |
| 006 |
m o c |
| 007 |
cr |n||||||||a |
| 007 |
vz |za|z| |
| 008 |
200218s1986 enk030 e o vleng d |
| 005 |
20241201232256.5 |
| 035 |
|
|
|a (OCoLC)on1144751204
|
| 040 |
|
|
|a ALSTP
|b eng
|e rda
|c ALSTP
|d OCLCO
|d OCLCF
|d OCLCO
|d OCLCL
|d OCLCQ
|d DXU
|
| 019 |
|
|
|a 1373465418
|a 1443983388
|
| 035 |
|
|
|a (OCoLC)1144751204
|z (OCoLC)1373465418
|z (OCoLC)1443983388
|
| 049 |
|
|
|a TXAM
|
| 245 |
0 |
0 |
|a David Copperfield [1986].
|n Episode three /
|c by Charles Dickens ; dramatised by James Andrew Hall ; a BBC-TV production in association with WGBH Boston ; producer, Terrance Dicks ; directed by Barry Letts.
|
| 246 |
3 |
3 |
|a Personal history, adventures, experience and observation of David Copperfield the younger of Blunderstone Rookery (which he never meant to publish on any account)
|
| 246 |
3 |
|
|a David Copperfield.
|n Episode 3
|
| 264 |
|
1 |
|a London, England :
|b BBC Worldwide,
|c 1986.
|
| 300 |
|
|
|a 1 online resource (30 minutes)
|
| 306 |
|
|
|a 003000
|
| 336 |
|
|
|a two-dimensional moving image
|b tdi
|2 rdacontent
|
| 337 |
|
|
|a computer
|b c
|2 rdamedia
|
| 337 |
|
|
|a video
|b v
|2 rdamedia
|
| 338 |
|
|
|a online resource
|b cr
|2 rdacarrier
|
| 347 |
|
|
|a video file
|2 rda
|
| 490 |
0 |
|
|a Academic Video Online
|
| 500 |
|
|
|a Title from resource description page (viewed February 18, 2020).
|
| 511 |
1 |
|
|a Colin Hurley, David Dexter, Nolan Hemmings, Simon Callow, Sandra Payne, Jenny McCracken, Oliver Cotton, Sarah Crowden, Ronald Herdman.
|
| 520 |
|
|
|a David Copperfield is a 10 episode BBC serial broadcast in 1986 and 1987 and is based on the novel David Copperfield by Charles Dickens. The series was written by James Andrew Hall and directed by Barry Letts. It was produced by Terrance Dicks.
|
| 546 |
|
|
|a In English.
|
| 586 |
|
|
|a Nominated 1987 BAFTA Awards, Best Children's Programme (Entertainment/Drama)
|
| 600 |
1 |
0 |
|a Dickens, Charles,
|d 1812-1870.
|t David Copperfield
|v Television adaptations.
|
| 630 |
0 |
7 |
|a David Copperfield (Dickens, Charles)
|2 fast
|0 (OCoLC)fst01356326
|
| 650 |
|
0 |
|a Orphans
|z England
|v Drama.
|
| 650 |
|
0 |
|a Stepfathers
|z England
|v Drama.
|
| 651 |
|
0 |
|a England
|x Social life and customs
|y 19th century
|v Drama.
|
| 650 |
|
7 |
|a Manners and customs.
|2 fast
|0 (OCoLC)fst01007815
|
| 650 |
|
7 |
|a Orphans.
|2 fast
|0 (OCoLC)fst01048433
|
| 650 |
|
7 |
|a Stepfathers.
|2 fast
|0 (OCoLC)fst01133087
|
| 651 |
|
7 |
|a England.
|2 fast
|0 (OCoLC)fst01219920
|1 https://id.oclc.org/worldcat/entity/E39PBJpYDdYvBpjXV6WpybK68C
|
| 648 |
|
7 |
|a 1800-1899
|2 fast
|
| 655 |
|
7 |
|a Drama.
|2 fast
|0 (OCoLC)fst01423879
|
| 655 |
|
7 |
|a Fiction television programs.
|2 fast
|0 (OCoLC)fst01710265
|
| 655 |
|
7 |
|a Television adaptations.
|2 fast
|0 (OCoLC)fst01710478
|
| 655 |
|
7 |
|a Fiction television programs.
|2 lcgft
|
| 655 |
|
7 |
|a Television adaptations.
|2 lcgft
|
| 655 |
|
7 |
|a Fictions télévisées.
|2 rvmgf
|
| 655 |
|
7 |
|a Adaptations télévisées.
|2 rvmgf
|
| 700 |
1 |
|
|a Letts, Barry,
|e director.
|
| 700 |
1 |
|
|a Dicks, Terrance,
|e producer.
|
| 700 |
1 |
|
|a Hurley, Colin,
|d 1951-
|e actor.
|1 https://id.oclc.org/worldcat/entity/E39PBJcGqwgKxtHTk8XdFYbrv3
|
| 700 |
1 |
2 |
|i Television adaptation of (work):
|a Dickens, Charles,
|d 1812-1870.
|t David Copperfield.
|
| 710 |
2 |
|
|a British Broadcasting Corporation.
|b Television Service,
|e production company.
|
| 758 |
|
|
|i has work:
|a David Copperfield [1986] Episode three (MovingImage)
|1 https://id.oclc.org/worldcat/entity/E39PCGMW9yWDB8DmtXbv6YVgXb
|4 https://id.oclc.org/worldcat/ontology/hasWork
|
| 856 |
4 |
0 |
|u http://proxy.library.tamu.edu/login?url=https://www.aspresolver.com/aspresolver.asp?MARC;4689007
|z Connect to this streaming video (Alexander Street Press)
|t 0
|
| 955 |
|
|
|a Alexander Street Press subscription streaming video
|
| 994 |
|
|
|a 92
|b TXA
|
| 999 |
f |
f |
|s 589a29d2-1805-425d-91cc-cf8822492ec6
|i ab45f151-3c98-40af-b2ac-06d662b5d0b5
|t 0
|
| 952 |
f |
f |
|a Texas A&M University
|b College Station
|c Electronic Resources
|d Available Online
|t 0
|h Library of Congress classification
|
| 998 |
f |
f |
|t 0
|l Available Online
|